Urban Land Use Planning (Record no. 4684)

000 -LEADER
fixed length control field 00500nam a22001577a 4500
008 - FIXED-LENGTH DATA ELEMENTS--GENERAL INFORMATION
fixed length control field 161122b xxu||||| |||| 00| 0 eng d
020 ## - INTERNATIONAL STANDARD BOOK NUMBER
International Standard Book Number 978-0-252-03079-6
082 ## - DEWEY DECIMAL CLASSIFICATION NUMBER
Classification number 333.770 973 BER
100 ## - MAIN ENTRY--PERSONAL NAME
Personal name BERKE R Philip
245 ## - TITLE STATEMENT
Title Urban Land Use Planning
Statement of responsibility, etc. Philip R. Berke, David R Godschailk and Edward J.Kaiser
Medium English
250 ## - EDITION STATEMENT
Edition statement 5th ed.
260 ## - PUBLICATION, DISTRIBUTION, ETC. (IMPRINT)
Place of publication, distribution, etc. Urbana and Chicago
Name of publisher, distributor, etc. University of Illinois Press
Date of publication, distribution, etc. 2006
300 ## - PHYSICAL DESCRIPTION
Extent 490p.
Other physical details Illi.
Dimensions 24cm
650 ## - SUBJECT ADDED ENTRY--TOPICAL TERM
Source of heading or term Land Use Planning
942 ## - ADDED ENTRY ELEMENTS (KOHA)
Source of classification or shelving scheme
Koha item type BOOKS

No items available.

IRDP © 2019 :: Managed by IRDP ICT Unit